000 00571nam a2200181Ia 4500
008 090123s9999 xx 000 0 und d
082 _b17418
_a891.463/राजे
100 _aराजे शैलजा
245 _aआसवांची पालखी
250 _a1
260 _bमनोरमा प्रकाशन
_c1990
300 _a174
600 _aराजे शैलजा
630 _aआसवांची पालखी
700 _aराजे शैलजा
730 _aआसवांची पालखी
942 _cBOOK
999 _c55477
_d55477